=LDR 00000nam 2200000 4500 =001 INLIS000000000051618 =005 20171003113258 =035 ##$$a 0010-1017000057 =007 ta =008 171003###########################0###### =020 ##$$a 978-602-7900-84-4 =082 ##$$a 658.312 5 =084 ##$$a 658.312 5 ARY n =100 #$$a Aryo Dewantara =245 1#$$a News Tes Kompetensi Dasar CPNS /$c Aryo Dewantara =250 ##$$a cet.2 =260 ##$$a Yogyakarta :$b Indoliterasi,$c 2014 =300 ##$$a vii,332 hlm ; $c 26 cm =500 ##$$a Biografi : Hlm. 332 =650 ##$$a Pekerjaan -Evaluasi =504 ##$$a Bibliografi : hlm. 331 =990 ##$$a 1222612226 =990 ##$$a 1222612226 =990 ##$$a 1222612226 =990 ##$$a 1222612226 =990 ##$$a 1222612226 =990 ##$$a 21703622 =990 ##$$a 01201712226 =990 ##$$a 01201712227 =990 ##$$a 01201712228 =990 ##$$a 01201712229 =990 ##$$a 21703622 =990 ##$$a 01201712226 =990 ##$$a 01201712227 =990 ##$$a 01201712228 =990 ##$$a 01201712229 =990 ##$$a 21703623 =990 ##$$a 01201712226 =990 ##$$a 01201712227 =990 ##$$a 01201712228 =990 ##$$a 21703622 =990 ##$$a 21703624 =990 ##$$a 01201712226 =990 ##$$a 01201712227 =990 ##$$a 21703623 =990 ##$$a 21703622 =990 ##$$a 21703625 =990 ##$$a 01201712226 =990 ##$$a 21703624 =990 ##$$a 21703623 =990 ##$$a 21703622